000 00573cas a2200181 a 4500
003 DLC
005 20250625121948.0
008 991125c1999 cl an p r 000 0 spa d
035 _aUPN01000061302
040 _aMX-MxUPN
_bspa
_cMX-MxUPN
_eaacr2
245 0 0 _aBoletín de educación - Antofagasta (Chi.)
260 _aAntofagasta, Chile :
_bUniversidad Católoca del Norte. Facultad de Humanidades. Departamento de Estudios Humanísticos,
_c1999
310 _aAnual
650 4 _aEducación
_9682
902 _aGloria Jiménez/250625
905 _aRevista
942 _cART-E
999 _c60893
_d60893